Trouvez quel rappeur a dit ces punchlines - Statistiques

Statistiques générales
  • Ce quiz a été pris 900 fois
    866 depuis la dernière actualisation
  • Le résultat moyen est 6 sur 15
Statistiques - réponses
Punchlines Rappeurs / Chanteur % Correct
"Arrête de mettre des casquettes tu finiras chauve, mais si je deviens chauve je mettrais des casquettes" Nekfeu
83%
"J’gratte, j’gratte et la nuit, je me défoule contre tes textes. *CLAP CLAP* C’est le bruit de mes boules contre tes fesses" Nekfeu
83%
"J'te pose ma eue-qu sur le front, voilà qu'tu t'prends pour une licorne" Kaaris
76%
"Frère si je sors la AK, je sais qu'ils feront tous caca" Lacrim
74%
"Ça commence par du Roméo et Juliette. Ça finit par du Jacquie et Michel" Damso
52%
"Si ton iPhone explose à cause de la batterie, c’est la merde, mais ne confond pas siri et la Syrie" La Fouine
52%
"La vie de ma mère, j’ai trop d’inspi. Ça sort de mon corps comme si j’avais lâché une crotte" Gradur
42%
"J'te donne la couronne mais avant, j’chie sur le trône" PNL
42%
"Tu sers à rien comme un brocoli" Niska
39%
"Dites à Donald qu’il s'Trump" Black M
23%
"Le réveil est facile, le caca est parfait, même pas besoin qu'je l'essuie" Stromae
22%
"J’ai assez de vices pour faire du bricolage" Rohff
21%
"Les barettes se ressemblent toutes comme les mecs au Japon" Maes
16%
"J’ai mangé trop de problèmes, donc j’en chie des solutions" Maître Gims
15%
"T’as beau faire du MMA nous c’est zéro blabla zéro tracas comme MMA" MZ
6%
Aucun quiz correspondant
Distribution des résultats
% des personnes avec chaque résultat
Percentile par nombre de réponses
Votre historique - résultats
Vous n’avez pas pris ce quiz depuis la dernière actualisation